Rudimentary treatise on wells and well-sinking (Record no. 546599)
[ view plain ]
| 000 -LEADER | |
|---|---|
| fixed length control field | 00620cam a2200181Ki 4500 |
| 082 ## - DEWEY DECIMAL CLASSIFICATION NUMBER | |
| Classification number | 623.114 |
| Author Mark | SWI |
| 100 1# - MAIN ENTRY--PERSONAL NAME | |
| Personal name | Swindell, John George. |
| 9 (RLIN) | 42752 |
| 245 10 - TITLE STATEMENT | |
| Title | Rudimentary treatise on wells and well-sinking |
| Statement of responsibility, etc. | by John G. Swindell and G.R. Burnell ; with illustrations. |
| 250 ## - EDITION STATEMENT | |
| Edition statement | Rev. ed. / |
| 260 ## - PUBLICATION, DISTRIBUTION, ETC. | |
| Place of publication, distribution, etc. | London : |
| Name of publisher, distributor, etc. | C. Lockwood & Co., |
| Date of publication, distribution, etc. | 1886. |
| 300 ## - PHYSICAL DESCRIPTION | |
| Extent | 1 online resource (166 p.) |
| 526 ## - STUDY PROGRAM INFORMATION NOTE | |
| Program name | 0 |
| Interest level | 0 |
| Reading level | 0 |
| Title point value | 623_114000000000000_SWI |
| 650 #0 - SUBJECT ADDED ENTRY--TOPICAL TERM | |
| Topical term or geographic name entry element | MCE |
| 9 (RLIN) | 379 |
| 650 #0 - SUBJECT ADDED ENTRY--TOPICAL TERM | |
| Topical term or geographic name entry element | Wells. |
| 9 (RLIN) | 25107 |
| 700 1# - ADDED ENTRY--PERSONAL NAME | |
| Personal name | Burnell, G. R. |
| 9 (RLIN) | 42753 |
| 856 40 - ELECTRONIC LOCATION AND ACCESS | |
| Uniform Resource Identifier | <a href="http://catalog.hathitrust.org/api/volumes/oclc/11792258.html">http://catalog.hathitrust.org/api/volumes/oclc/11792258.html</a> |
| 942 ## - ADDED ENTRY ELEMENTS (KOHA) | |
| Source of classification or shelving scheme | |
| Koha item type | Book |
| Withdrawn status | Lost status | Source of classification or shelving scheme | Damaged status | Not for loan | Permanent Location | Current Location | Date acquired | Total Checkouts | Full call number | Barcode | Date last seen | Price effective from | Koha item type |
|---|---|---|---|---|---|---|---|---|---|---|---|---|---|
| Military College of Engineering (MCE) | Military College of Engineering (MCE) | 06/17/2014 | 623.114 SWI | MCE-40017 | 06/17/2014 | 06/17/2014 | Book |
